Statistics for Manchester United Quiz: Easy

Click here to take the quiz!

General Stats

  • This quiz has been taken 4,234 times
    (764 since last reset)
  • The average score is 13 of 15

Answer Stats

Question Answer % Correct
What colour are their home shirts?Red
99%
What is the name of their stadium?Old Trafford
98%
What is their nickname?The Red Devils
92%
Which league do they play in?Premier League
92%
What is the name of their most successful manager?Sir Alex Ferguson
92%
Who is United's all-time top goalscorer?Wayne Rooney
87%
Which player was sold to Real Madrid for a then-world record fee?Cristiano Ronaldo
84%
What type of creature is on the club logo?Devil
83%
Who currently wears the #10 shirt?Marcus Rashford
81%
What two colours feature on the logo?Yellow
77%
Who is United's all-time top appearance maker?Ryan Giggs
77%
What is the name of their current manager?Ole Gunnar Solskjær
69%
What is the nationality of their owners?American
64%
And what is the surname of their owners?Glazer
62%

Score Distribution

Percentile by Number Answered

Percent of People with Each Score

Your Score History

You have not taken this quiz since the last reset